000 00702nam a2200241 i 4500
001 17584
003 ES-MaACL
005 20230906151624.0
007 t|
008 010405s2001 sp ||||1| spa d
020 _a84-322-0853-1
080 _a37.011"19"
100 1 _aMorin, Edgar.
_983564
245 1 3 _aLa mente bien ordenada
_b: repensar la reforma, reformar el pensamiento /
_cEdgar Morin.
250 _a2ª ed.
260 _aBarcelona :
_bSeix Barral,
_c2001.
300 _a185 p. ;
_c23 cm.
490 1 _aLos tres mundos
650 1 4 _aEducación-
_xFilosofía-
_yS.XX.
_912080
830 0 _aLos tres mundos
_9179717
852 _aES-MaACL
_jL-24503
_bR.129840
999 _c17584
_d17584